Treatment of history in Indian english novels / (Record no. 4857)

MARC details
000 -LEADER
fixed length control field 00509 a2200169 4500
010 ## - LCCN (DPL NO)
LC control number ENG-86590
020 ## - INTERNATIONAL STANDARD BOOK NUMBER
International Standard Book Number 8189000500
Terms of availability 450.00
035 ## - SYSTEM CONTROL NUMBER
System control number EN-70123
037 ## - SOURCE OF ACQUISITION
Source of stock number/acquisition DBAD / PUB
082 14 - DEWEY DECIMAL CLASSIFICATION NUMBER
Classification number 883.08
100 1# - MAIN ENTRY--PERSONAL NAME
Personal name Sharma, Vikas
245 1# - TITLE STATEMENT
Title Treatment of history in Indian english novels /
Statement of responsibility, etc by Vikas Sharma
260 ## - PUBLICATION, DISTRIBUTION, ETC. (IMPRINT)
Place of publication, distribution, etc New Delhi
Name of publisher, distributor, etc Vishvabharti Publications
Date of publication, distribution, etc 2007
300 ## - PHYSICAL DESCRIPTION
Extent 164p
Dimensions 22cm. (Hb)
500 ## - GENERAL NOTE
General note Includes bibliographical references
942 ## - ADDED ENTRY ELEMENTS (KOHA)
Institution code [OBSOLETE] dpl
Item type English Books
Source of classification or shelving scheme Dewey Decimal Classification
Classification part 883.08
Call number suffix SHA
Holdings
Withdrawn status Lost status Not for loan Collection code Home library Current library Source of acquisition Cost, normal purchase price Full call number Barcode Copy number Cost, replacement price Koha item type
    Not For Loan Non-fiction D.B.Act.Division D.B.Act.Division DBAD/PUB 450.00 883.08 SHA EN-70123 1 450.00 English Books

© Delhi Public Library
Hit Counter
free hit counter